| 000 | 00836nam a2200229 a 4500 | ||
|---|---|---|---|
| 005 | 20151026173032.0 | ||
| 008 | 151026s2012 xxuo fr 000 0 eng d | ||
| 020 | _a9780071766586 (set libro y CD) | ||
| 020 | _a9780071766555 | ||
| 040 |
_aCO-BoUCM _bspa _cSandra Palacio _dSandra Palacio |
||
| 041 | 0 | _aeng | |
| 245 | 0 | 4 | _aThe official guide to the TOEFL test |
| 250 | _a4th ed | ||
| 260 |
_aNueva York (Estados Unidos) _bMcGraw-Hill _c2012 |
||
| 300 |
_a653 páginas _bfotografías _e1 CD-ROM |
||
| 650 | 7 |
_aInglés _x Libros de texto para extranjeros _972864 |
|
| 650 | 7 |
_aInglés _v Exámenes, preguntas, etc _v Guías de estudio _972865 |
|
| 650 | 7 |
_aTest Toefl _v Guías de estudio _972866 |
|
| 690 |
_942858 _aLingüística aplicada |
||
| 942 |
_2DEWEY _a18 _cLIBRO _e1 _h428.078 _mO324of |
||
| 999 |
_c301623 _d301623 |
||